000 01097nam a2200301 a 4500
001 vtls001104294
003 NLI
005 20210603123930.0
008 120324s1951 ii 000 0 ben
039 9 _y201203241959
_zVLOAD
040 _aNLI
_bbeneng
_cDatasoft_Bengali
_eAACR2
041 0 _aben
044 _a ii
082 0 4 _a 491.4407
100 1 _6880-01
_aসেন, প্রিয়রঞ্জন
_91251
245 1 0 _6880-02
_aবাংলা পড়ানো /
_cপ্রিয়রঞ্জন সেন
260 _aকলকাতা :
_bবাণীমন্দির,
_c1951
300 _axii, 147 p. ;
_c18 cm.
650 0 _aBengali language
_xStudy and teaching
_9138225
880 1 _6100-01(B
_aSen, Priyarañjan
880 1 0 _6245-02(B
_aBāṁlā paḍāno /
_cPriyarañjan Sen
887 _acSubrata Biswas 30.08.2011/Pamita 21.11.2011
901 _a2924
_b07.11.1956
902 _aB 491.4407 Se 378 v
904 _acSubrata Biswas 30.08.2011/Pamita 21.11.2011
_lB8050 (1)
942 _2ddc
_cBKS
949 _AVIRTUAITEM
_D10000
_X100
_6DBA000002924BEN
999 _aVIRTUA40
_c403473
_d403473